Эргономика и дизайн подъемно-транспортных, строительных, дорожных средств и оборудования (Запись № 13071560)

Подробности
000 -МАРКЕР
контрольное поле 03169nam0a2200361 4500
001 - ИДЕНТИФИКАТОР ЗАПИСИ
контрольное поле RU\NLR\BIBL_A\016334584
005 - ИДЕНТИФИКАТОР ВЕРСИИ
контрольное поле 20240726160445.0
010 ## - МЕЖДУНАРОДНЫЙ СТАНДАРТНЫЙ НОМЕР КНИГИ (ISBN)
Номер (ISBN) 978-5-907116-87-0
Тираж 300
021 ## - НОМЕР ГОСУДАРСТВЕННОЙ РЕГИСТРАЦИИ
Код страны Российская Федерация
Номер КН-П-23-013460
Номер Листа государственной регистраци КН-П-23-1329
035 ## - ДРУГИЕ СИСТЕМНЫЕ НОМЕРА
Идентификатор записи (NLR Aleph) 016334584
035 ## - ДРУГИЕ СИСТЕМНЫЕ НОМЕРА
Идентификатор записи (RuMoRGB)011626990
100 ## - ДАННЫЕ ОБЩЕЙ ОБРАБОТКИ
Данные общей обработки 20230405d2022 u y0rusy50 ca
101 0# - ЯЗЫК РЕСУРСА
Язык текста, звукозаписи и т.д. русский
102 ## - СТРАНА ПУБЛИКАЦИИ ИЛИ ПРОИЗВОДСТВА
Страна публикации Российская Федерация
105 ## - ПОЛЕ КОДИРОВАННЫХ ДАННЫХ: ТЕКСТОВЫЕ МАТЕРИАЛЫ, МОНОГРАФИЧЕСКИЕ
Кодированные данные о монографическом текстовом документе ac||z||||||z|
181 #1 - ПОЛЕ КОДИРОВАННЫХ ДАННЫХ: ВИД СОДЕРЖАНИЯ
Код вида содержания (ISBD) i3
Код характеристики содержания (ISBD) axxe
182 #1 - ПОЛЕ КОДИРОВАННЫХ ДАННЫХ: ТИП СРЕДСТВА
Код типа средства (ISBD) n - непосредственное
200 1# - ЗАГЛАВИЕ И СВЕДЕНИЯ ОБ ОТВЕТСТВЕННОСТИ
Основное заглавие Эргономика и дизайн подъемно-транспортных, строительных, дорожных средств и оборудования
Сведения, относящиеся к заглавию учебное пособие
-- для студентов, обучающихся по специальностям и направлениям подготовки: 23.05.01 Наземные транспортно-технологические средста, специализации "Подъёмно-транспортные, строительные, дорожные средства и оборудование"; 23.03.03 Эксплуатация транспортно-технологических машин и комплексов, профиль "Автомобили и автомобильное хозяйство"; 23.04.02 Наземные транспортно-технологические комплексы, магистерская программа "Автотранспортные средства, строительные и дорожные машины"; 23.04.03 Эксплуатация транспортно-технологических машин и комплексов, магистерская прогамма "Управление технической эксплуатацией автотранспортных средств"
Первые сведения об ответственности Б. С. Доброборский, П. А. Стёпина, Н. В. Подопригора
Последующие сведения об ответственности Министерство науки и высшего образования Российской Федерации, Санкт-Петербургский государственный архитектурно-строительный университет
203 ## - ВИД СОДЕРЖАНИЯ И ТИП СРЕДСТВА
Вид содержания Текст
Дополнительные сведения об издании визуальный
Тип средства непосредственный
210 ## - ПУБЛИКАЦИЯ, РАСПРОСТРАНЕНИЕ И ДР.
Место издания, распространения и т.д. Санкт-Петербург
Имя издателя, распространителя и т. д. СПбГАСУ
Дата издания, распространения и т.д. 2022
215 ## - ФИЗИЧЕСКАЯ ХАРАКТЕРИСТИКА
Специфическое обозначение материала и объем 247 с.
Другие сведения о физической характеристике ил., портр., табл.
Размеры 21
606 1# - НАИМЕНОВАНИЕ ТЕМЫ КАК ПРЕДМЕТ
Наименование темы Транспортные машины
Формальный подзаголовок Учебные издания для высших учебных заведений
Тематический подзаголовок Эргономические требования
Системный номер авторитетной/нормативной записи 1808174
Идентификатор авторитетной/нормативной записи RU\NLR\AUTH\661108735
675 ## - УНИВЕРСАЛЬНАЯ ДЕСЯТИЧНАЯ КЛАССИФИКАЦИЯ (UDC/УДК)
Индекс 621.86/.87:331.101.1(075.8)
Издание 4
686 ## - ИНДЕКСЫ ДРУГИХ КЛАССИФИКАЦИЙ
Индекс 39.9я73
Код системы
686 1# - ИНДЕКСЫ ДРУГИХ КЛАССИФИКАЦИЙ
Индекс О12-021.7я73-1
700 #1 - ИМЯ ЛИЦА - ПЕРВИЧНАЯ ОТВЕТСТВЕННОСТЬ
Начальный элемент ввода Доброборский
Часть имени, кроме начального элемента ввода Б. С.
Даты 1945-
Расширение инициалов личного имени Борис Самуилович
701 #1 - ИМЯ ЛИЦА - АЛЬТЕРНАТИВНАЯ ОТВЕТСТВЕННОСТЬ
Начальный элемент ввода Степина
Часть имени, кроме начального элемента ввода П. А.
Расширение инициалов личного имени Полина Александровна
701 #1 - ИМЯ ЛИЦА - АЛЬТЕРНАТИВНАЯ ОТВЕТСТВЕННОСТЬ
Начальный элемент ввода Подопригора
Часть имени, кроме начального элемента ввода Н. В.
Дополнения к именам, кроме дат канд. техн. наук
Расширение инициалов личного имени Николай Владимирович
Системный номер авторитетной/нормативной записи 213616
Идентификатор авторитетной/нормативной записи RU\NLR\AUTH\770213672
942 ## - ДОПОЛНИТЕЛЬНЫЕ ЭЛЕМЕНТЫ ЗАПИСИ (АБИС)
Тип экземпляра АБИС Книга
980 ## - КОЛЛЕКЦИЯ
Название коллекции Национальная библиография
Экземпляры
Тип экземпляра Дата поступления Источник поступления Библиотека постоянного хранения Библиотека текущего хранения Место хранения Шифр хранения Штрих-код Статус экземпляра
Книга 05.04.2023 Обязательный экземпляр РНБ (Московский) РНБ (Московский) Русский книжный фонд: издания с 1957 года 2023-3/7413 1-4171896  
Книга 05.04.2023 Обязательный экземпляр РНБ (Московский) РНБ (Московский) Русский книжный фонд: издания с 1957 года 2023-3/7413 1-4171892